000 00667nam a2200217 a 4500
001 BRCA_4270
005 20190320204616.0
008 940902s1906----mx-a#####b---#000-0#spa-#
041 _aspaeng
044 _amx
050 4 _aHG2713
_b.D57 1906
245 1 0 _aDirectorio oficial bancario de México = Bankers Official Directory of Mexico.
260 _aMéxico
_bDirectorio Oficial Bancario de México
_c1906
300 _axlviii, 368 p.
_bil.
_c23 cm.
500 _aCEF65
650 1 4 _aBancos y operaciones bancarias
_zMéxico
_98161
651 4 _aMéxico
_vDirectorios
_911003
740 0 _aBankers Official Directory of Mexico.
902 _aGFM
942 _2lcc
_cB
999 _c3981
_d3981